| 000 | 00695nam a2200133Ia 4500 | ||
|---|---|---|---|
| 008 | 171212s9999 xx 000 0 und d | ||
| 020 | _a9780874216066 | ||
| 100 | _aEvans, Will | ||
| 245 |
_cEvans, Willeditor Woods, Susan;Mcpherson, Robert _aAlong Navajo Trails _bRecollections of a Trader 1898-1948 |
||
| 260 |
_bUniversity Press of Colorado _c2005 |
||
| 650 | _aHistory | ||
| 650 | _aNavajo Indians -- New Mexico -- Shiprock Region -- History; Navajo Indians -- New Mexico -- Shiprock Region -- Social life and customs; Navajo weavers -- New Mexico -- Shiprock Region -- History; Trading posts -- New Mexico -- Shiprock Region -- History; | ||
| 856 | _uwww.jstor.org/stable/10.2307/j.ctt4cgp26 | ||
| 999 |
_c353028 _d353028 |
||